Surgical rubber gloves-specification. (First Revision). first reprint September 1991. (Incorporating Amendment No.1) (Record no. 73766)

MARC details
000 -LEADER
fixed length control field 00443nam a2200133Ia 4500
245 #0 - TITLE STATEMENT
Title Surgical rubber gloves-specification. (First Revision). first reprint September 1991. (Incorporating Amendment No.1)
260 ## - PUBLICATION, DISTRIBUTION, ETC. (IMPRINT)
Place of publication New Delhi
260 ## - PUBLICATION, DISTRIBUTION, ETC. (IMPRINT)
Year of publication 1989
Name of publisher BIS
490 ## - SERIES STATEMENT
Series statement Rubber Product Sectional Committee, PCDC 13
500 ## - GENERAL NOTE
General note Standard number: IS 4148
650 ## - SUBJECT ADDED ENTRY--TOPICAL TERM
Topical Term Rubber gloves
942 ## - ADDED ENTRY ELEMENTS (KOHA)
Koha item type Standards
Holdings
Withdrawn status Lost status Damaged status Not for loan Home library Current library Date acquired Koha item type
      Standards RRII Library RRII Library 31/12/2021 Standards